|
|
|
|
| LEADER |
00000nab a2200000 a 4500 |
| 001 |
vtls000689240 |
| 003 |
SK-MaSNL |
| 005 |
20260303190632.0 |
| 008 |
140512c1999 xo 0 slo |
| 015 |
|
|
|a SNBRB1999/04-09488
|
| 035 |
|
|
|a CLN000041407
|
| 040 |
|
|
|a SNKBUCL
|b slo
|c SNKBUCL
|e AACR2
|
| 041 |
0 |
|
|a slo
|
| 044 |
|
|
|a xo
|c SK
|
| 080 |
|
|
|a 801.3:808.54
|2 1997
|
| 080 |
|
|
|a 808.54-3
|2 1997
|
| 100 |
1 |
|
|a Suchánka, Pavol
|4 aut
|9 892777
|
| 245 |
1 |
0 |
|a Správa o súčasnej slovenčine
|c Pavol Suchánka
|
| 500 |
|
|
|a Pokračovanie
|
| 650 |
0 |
7 |
|a slovenčina
|2 snkbucl
|9 1350
|
| 650 |
0 |
7 |
|a lexikológia
|2 snkbucl
|9 866
|
| 773 |
0 |
|
|t Kultúra
|g Roč. 2, č. 14 (1999), s. 11
|x 1335-3470
|
| 850 |
|
|
|a Slovenská národná knižnica v Martine
|
| 852 |
|
|
|a SNK
|b KIS3GCP
|
| 958 |
|
|
|a SK
|
| 999 |
|
|
|c 2137313
|d 2139243
|